| 000 | 00704nam a2200217 a 4500 | ||
|---|---|---|---|
| 008 | |||
| 020 | _a928080815x (hbk.) | ||
| 049 | _aMAIN | ||
| 090 |
_aK3585 _bENV |
||
| 245 | 0 | 0 |
_aEnvironmental change and international law: _bnew challenges and dimensions / _cedited by Edith Brown Weiss. |
| 260 |
_aTokyo : _bUnited Nations University Press, _cc1992. |
||
| 300 |
_axv, 493 p. ; _c24 cm. |
||
| 504 | _aIncludes bibliographical references. | ||
| 650 | 0 | _aEnvironmental law, International. | |
| 700 | 1 | _aWeiss, Edith Brown. | |
| 907 |
_a.b10123027 _b09-10-12 _c21-05-04 |
||
| 003 | |||
| 005 | 20230123133720.0 | ||
| 040 | _cNUST | ||
| 942 |
_cBOOKS _kK3585 _mENV |
||
| 999 |
_c153399 _d153399 |
||